[Event "Catalunya-chT Gp1"]
[Site "Barcelona"]
[Date "2024.02.24"]
[Round "6.10"]
[White "Jurado Coderch, Heribert"]
[Black "Escudero Ribo, Eloi"]
[Result "0-1"]
[WhiteElo "1925"]
[BlackElo "1849"]
[PlyCount "116"]
[EventDate "2024.01.20"]
[EventType "team-tourn"]
[EventRounds "7"]
[EventCountry "ESP"]
[SourceTitle "CB11_2024"]
[SourceDate "2024.03.13"]
[SourceVersion "1"]
[SourceVersionDate "2024.03.13"]
[SourceQuality "1"]
[WhiteTeam "Olot"]
[BlackTeam "Tres Peons"]
[WhiteTeamCountry "ESP"]
[BlackTeamCountry "ESP"]

1. e4 c6 2. d4 d5 3. Nc3 dxe4 4. Nxe4 Nf6 5. Nxf6+ exf6 6. c3 Bd6 7. Bd3 0-0 8. Qc2 Re8+ 9. Ne2 h5 10. Be3 Nd7 11. 0-0-0 Nf8 12. Kb1 b5 13. Ng3 h4 14. Ne4 a5 15. Nxd6 Qxd6 16. Rhe1 Be6 17. g3 Qd5 18. c4 bxc4 19. Be4 Qb5 20. Bd2 a4 21. a3 Bd5 22. gxh4 Bxe4 23. Rxe4 Rxe4 24. Qxe4 Rb8 25. Bb4 Ne6 26. Qc2 Rd8 27. Bc3 Nf4 28. Re1 Rb8 29. Re7 Nd5 30. Re4 Qb3 31. Qxb3 Rxb3 32. Re8+ Kh7 33. Kc2 Nxc3 34. bxc3 Rxa3 35. Rc8 Ra2+ 36. Kb1 Rxf2 37. Rxc6 Rxh2 38. Rxc4 Rxh4 39. Rxa4 g5 40. Kc2 Kg6 41. Kd2 Re4 42. Kd3 Re8 43. d5 f5 44. d6 Kf6 45. Rd4 Ke6 46. c4 f4 47. c5 Kd7 48. Ra4 Rc8 49. Ra7+ Kc6 50. Kc4 f5 51. Rf7 g4 52. Kd4 f3 53. Rxf5 Ra8 54. Rg5 f2 55. Rf5 g3 56. Ke3 Re8+ 57. Kd4 g2 58. Rf7 f1Q 0-1

[Event "Santa Eugenia op 17th"]
[Site "Santa Eugenia"]
[Date "2023.08.03"]
[Round "7"]
[White "Cantenys Garriga, Albert"]
[Black "Jurado Coderch, Heribert"]
[Result "0-1"]
[WhiteElo "1627"]
[BlackElo "1748"]
[PlyCount "50"]
[EventDate "2023.07.31"]
[EventType "swiss"]
[EventRounds "9"]
[EventCountry "ESP"]
[SourceTitle "CBM 215 Extra"]
[Source "ChessBase"]
[SourceDate "2023.09.30"]
[SourceVersion "1"]
[SourceVersionDate "2023.09.30"]
[SourceQuality "1"]

1. e4 e5 2. Nf3 Nc6 3. d4 exd4 4. Nxd4 Bc5 5. Nb3 Bb6 6. Nc3 Nf6 7. Qe2 a5 8. e5 0-0 9. Bg5 Nxe5 10. 0-0-0 Neg4 11. Ne4 h6 12. h3 hxg5 13. hxg4 d5 14. Nxf6+ Qxf6 15. Rxd5 a4 16. Qd3 g6 17. Qh3 Qg7 18. Nc5 a3 19. bxa3 Ra5 20. Qe3 Bxc5 21. Rxc5 Rxc5 22. Qxc5 Qa1+ 23. Kd2 Rd8+ 24. Ke3 Qc1+ 25. Kf3 Bxg4+ 0-1

[Event "Santa Eugenia op 17th"]
[Site "Santa Eugenia"]
[Date "2023.07.31"]
[Round "2"]
[White "Villar Reymundo, Juan Antonio"]
[Black "Jurado Coderch, Heribert"]
[Result "0-1"]
[WhiteElo "2196"]
[BlackElo "1748"]
[PlyCount "80"]
[EventDate "2023.07.31"]
[EventType "swiss"]
[EventRounds "9"]
[EventCountry "ESP"]
[SourceTitle "CBM 215 Extra"]
[Source "ChessBase"]
[SourceDate "2023.09.30"]
[SourceVersion "1"]
[SourceVersionDate "2023.09.30"]
[SourceQuality "1"]

1. e4 e5 2. Nc3 Nf6 3. d4 exd4 4. Qxd4 Nc6 5. Qd3 Bb4 6. Bd2 0-0 7. 0-0-0 d6 8. h3 a5 9. Nge2 Be6 10. Kb1 Ne5 11. Qg3 Nc4 12. Bg5 a4 13. f4 Nh5 14. Qf3 f6 15. Bh4 g6 16. Nd4 Bf7 17. Bxc4 Bxc4 18. e5 Qe8 19. Nd5 fxe5 20. Nxc7 Qf7 21. Nxa8 exd4 22. Nb6 Bxa2+ 23. Kc1 a3 24. Rxd4 Bc5 25. Ra4 Bxb6 26. b3 Qg7 27. c3 Bxb3 28. Rb4 Rxf4 29. Rxf4 Nxf4 30. Re1 Ne6 31. Kb1 g5 32. Bg3 Qg6+ 33. Qe4 Ba5 34. Qxg6+ hxg6 35. Re3 Nf4 36. c4 a2+ 37. Kb2 Bxc4 38. Ra3 Bb6 39. Kc3 d5 40. Be1 Ne2+ 0-1

[Event "Santa Susanna op 15th"]
[Site "Santa Susanna"]
[Date "2021.08.04"]
[Round "6"]
[White "Jurado Coderch, Heribert"]
[Black "Flores Munoz, Daniel"]
[Result "1-0"]
[WhiteElo "1804"]
[BlackElo "1631"]
[PlyCount "83"]
[EventDate "2021.08.02"]
[EventType "swiss"]
[EventRounds "9"]
[EventCountry "ESP"]
[SourceTitle "EXT 2022"]
[Source "ChessBase"]
[SourceDate "2021.10.06"]
[SourceVersion "1"]
[SourceVersionDate "2021.10.06"]
[SourceQuality "1"]

1. e4 e6 2. d4 d5 3. Nc3 dxe4 4. Nxe4 Nf6 5. Nxf6+ Qxf6 6. Nf3 h6 7. c3 Bd6 8. g3 0-0 9. Bg2 e5 10. dxe5 Bxe5 11. Nxe5 Qxe5+ 12. Be3 Nd7 13. 0-0 Nf6 14. Bd4 Qf5 15. Qf3 Qxf3 16. Bxf3 Nh7 17. h4 c6 18. a4 Be6 19. a5 a6 20. b4 Rfe8 21. Rfe1 Bd7 22. c4 Nf8 23. Rad1 Be6 24. Rc1 Rad8 25. Bb6 Rc8 26. b5 cxb5 27. Bxb7 Rxc4 28. Bxa6 Rxc1 29. Rxc1 Bc4 30. Rb1 Re5 31. Bc8 Re8 32. Ba6 Re5 33. f4 Rd5 34. Bb7 Rd3 35. Bf2 Ne6 36. a6 Nc7 37. a7 Ra3 38. Rd1 Kh7 39. Rd7 Ra1+ 40. Kg2 Bf1+ 41. Kh2 Rc1 42. Rxc7 1-0

[Event "ESP-ch U16"]
[Site "Salobrena"]
[Date "2021.07.20"]
[Round "3"]
[White "Badillo Ramos, Michael Steve"]
[Black "Jurado Coderch, Heribert"]
[Result "1-0"]
[WhiteElo "2044"]
[BlackElo "1799"]
[PlyCount "93"]
[EventDate "2021.07.19"]
[EventType "swiss"]
[EventRounds "9"]
[EventCountry "ESP"]
[SourceTitle "EXT 2022"]
[Source "ChessBase"]
[SourceDate "2021.10.06"]
[SourceVersion "1"]
[SourceVersionDate "2021.10.06"]
[SourceQuality "1"]

1. e4 e5 2. Nf3 Nc6 3. Bb5 a6 4. Ba4 g6 5. d4 exd4 6. c3 Bg7 7. 0-0 Nge7 8. cxd4 b5 9. Bb3 Na5 10. Bd2 Nxb3 11. Qxb3 d6 12. d5 0-0 13. Bc3 f5 14. e5 Bb7 15. Rd1 h6 16. a4 Kh7 17. exd6 Qxd6 18. Bb4 Qd7 19. axb5 axb5 20. Rxa8 Bxa8 21. d6 Rd8 22. Rd3 Nc6 23. Bd2 cxd6 24. Ng5+ hxg5 25. Rh3+ Bh6 26. Bxg5 Ne5 27. Rxh6+ Kg7 28. Qh3 Nf7 29. Rh7+ Kg8 30. Bf6 Qe6 31. Bc3 Kf8 32. Nd2 Qe1+ 33. Nf1 Qe6 34. Rg7 b4 35. Bd4 Bd5 36. Qh7 Bc4 37. Ne3 Ke7 38. Qxg6 Qe4 39. Nxf5+ Kd7 40. Qxd6+ Kc8 41. Qc5+ Kb7 42. Qxb4+ Ka8 43. Qa5+ Kb7 44. Qa7+ Kc6 45. Rg6+ Nd6 46. Rxd6+ Rxd6 47. Qc5+ 1-0

[Event "Catalunya-ch U10/20"]
[Site "Salou"]
[Date "2020.09.09"]
[Round "7"]
[White "Alcala Gonzalez, Cesar"]
[Black "Jurado Coderch, Heribert"]
[Result "1-0"]
[WhiteElo "2026"]
[BlackElo "1741"]
[PlyCount "67"]
[EventDate "2020.09.05"]
[EventType "swiss"]
[EventRounds "8"]
[EventCountry "ESP"]
[SourceTitle "EXT 2023"]
[Source "ChessBase"]
[SourceDate "2022.10.05"]
[SourceVersion "1"]
[SourceVersionDate "2022.10.05"]
[SourceQuality "1"]

1. d4 d5 2. c4 c6 3. Nf3 Nf6 4. Nc3 e6 5. e3 Nbd7 6. Bd3 dxc4 7. Bxc4 b5 8. Bd3 a6 9. a4 b4 10. Ne4 c5 11. Nxf6+ Nxf6 12. dxc5 Bxc5 13. 0-0 Bb7 14. Qe2 Qe7 15. e4 e5 16. Bg5 0-0 17. Rac1 Bb6 18. Nh4 Bc8 19. Rc6 Bd4 20. Bxf6 gxf6 21. Rxc8 Rfxc8 22. Bxa6 Rc6 23. Qg4+ Kh8 24. Nf5 Qf8 25. Bb7 Rac8 26. Bxc8 Rxc8 27. Qh4 Rc6 28. b3 Bb6 29. Rd1 Bd4 30. h3 Bb6 31. Rd5 Bc5 32. Rd7 Bb6 33. Kh2 Re6 34. Nh6 1-0

[Event "Figueres Nadal op 9th"]
[Site "Figueres"]
[Date "2020.01.04"]
[Round "5"]
[White "Vidal Palou, Jordi"]
[Black "Jurado Coderch, Heribert"]
[Result "0-1"]
[WhiteElo "1608"]
[BlackElo "1692"]
[PlyCount "74"]
[EventDate "2020.01.02"]
[EventType "swiss"]
[EventRounds "8"]
[EventCountry "ESP"]
[SourceTitle "CBM 194 Extra"]
[Source "ChessBase"]
[SourceDate "2020.03.31"]
[SourceVersion "1"]
[SourceVersionDate "2020.03.31"]
[SourceQuality "1"]

1. d4 d5 2. Bf4 Nf6 3. e3 e6 4. Bd3 Bd6 5. Bg3 0-0 6. Nf3 c5 7. c3 b6 8. Qe2 Nc6 9. Nbd2 Qc7 10. Bh4 Nd7 11. Bg3 e5 12. dxe5 Ndxe5 13. Nxe5 Nxe5 14. Bxe5 Bxe5 15. Nf3 Bf6 16. h4 h5 17. Ng5 g6 18. Qf3 Qe5 19. Nh7 Kxh7 20. Qe2 Bf5 21. 0-0-0 Rad8 22. g4 Bxg4 23. f3 Bf5 24. e4 dxe4 25. Bxe4 Bxe4 26. fxe4 Rfe8 27. Rdf1 Rd7 28. Rhg1 Bg7 29. Qb5 Bh6+ 30. Kc2 Qxe4+ 31. Kb3 c4+ 32. Ka3 Bf8+ 33. b4 Qd3 34. Rc1 a5 35. Rgd1 axb4+ 36. Kb2 bxc3+ 37. Ka1 Qxd1 0-1

[Event "Figueres op 8th"]
[Site "Figueres"]
[Date "2018.12.30"]
[Round "8.7"]
[White "Alcaraz Martinez, Leandro"]
[Black "Jurado Coderch, Heribert"]
[Result "1-0"]
[WhiteElo "1425"]
[BlackElo "1329"]
[PlyCount "49"]
[EventDate "2018.12.27"]
[EventType "swiss"]
[EventRounds "8"]
[EventCountry "ESP"]
[SourceTitle "EXT 2024"]
[Source "ChessBase"]
[SourceDate "2023.10.10"]
[SourceVersion "1"]
[SourceVersionDate "2023.10.10"]
[SourceQuality "1"]

1. c4 c6 2. Nc3 Nf6 3. Nf3 d5 4. d4 e6 5. a3 Bd6 6. Bg5 h6 7. Bxf6 Qxf6 8. c5 Bc7 9. e4 0-0 10. e5 Qe7 11. Be2 Nd7 12. 0-0 b6 13. b4 f6 14. Nh4 Kh7 15. Bh5 Rg8 16. f4 f5 17. Ng6 Qe8 18. b5 bxc5 19. bxc6 Nf8 20. Nxf8+ Qxf8 21. Nb5 Qe7 22. Rf2 Ba6 23. a4 g6 24. Bf3 Qe8 25. Nxc7 1-0

[Event "Figueres op 8th"]
[Site "Figueres"]
[Date "2018.12.29"]
[Round "5.10"]
[White "Salomon, Emmanuel Yves"]
[Black "Jurado Coderch, Heribert"]
[Result "0-1"]
[WhiteElo "1611"]
[BlackElo "1329"]
[PlyCount "76"]
[EventDate "2018.12.27"]
[EventType "swiss"]
[EventRounds "8"]
[EventCountry "ESP"]
[SourceTitle "EXT 2024"]
[Source "ChessBase"]
[SourceDate "2023.10.10"]
[SourceVersion "1"]
[SourceVersionDate "2023.10.10"]
[SourceQuality "1"]

1. d4 d5 2. Bf4 e6 3. Nf3 Bd6 4. Bg3 Nf6 5. e3 0-0 6. Bd3 c5 7. c3 Nc6 8. Nbd2 b6 9. Ne5 Ne7 10. h3 Nf5 11. Bh2 Bb7 12. 0-0 Qc7 13. g4 Ne7 14. Qc2 c4 15. Be2 Ng6 16. f4 b5 17. g5 Ne4 18. Nxe4 dxe4 19. Bg4 Nxe5 20. fxe5 Be7 21. h4 Bd5 22. Bh3 Kh8 23. Bg2 Qb7 24. Rf4 f5 25. exf6 gxf6 26. Bxe4 Bd6 27. Bxd5 Qxd5 28. e4 Qc6 29. Rxf6 Rxf6 30. gxf6 Rg8+ 31. Kh1 Bxh2 32. Kxh2 Rg4 33. Re1 Rxh4+ 34. Kg3 Rh6 35. Qf2 Rg6+ 36. Kh2 Qe8 37. f7 Qf8 38. Rf1 Qh6+ 0-1

[Event "Figueres op 8th"]
[Site "Figueres"]
[Date "2018.12.27"]
[Round "2.10"]
[White "Olcina Monells, Jordi"]
[Black "Jurado Coderch, Heribert"]
[Result "1/2-1/2"]
[WhiteElo "1610"]
[BlackElo "1329"]
[PlyCount "30"]
[EventDate "2018.12.27"]
[EventType "swiss"]
[EventRounds "8"]
[EventCountry "ESP"]
[SourceTitle "EXT 2024"]
[Source "ChessBase"]
[SourceDate "2023.10.10"]
[SourceVersion "1"]
[SourceVersionDate "2023.10.10"]
[SourceQuality "1"]

1. e4 c5 2. Nf3 Nc6 3. d4 cxd4 4. Nxd4 e5 5. Nb5 a6 6. Nd6+ Bxd6 7. Qxd6 Qf6 8. Qxf6 Nxf6 9. Nc3 d5 10. exd5 Nb4 11. Bd3 Nbxd5 12. Nxd5 Nxd5 13. Bd2 Nf4 14. Bxf4 exf4 15. 0-0-0 0-0 1/2-1/2

[Event "Figueres op-B 18th"]
[Site "Figueres"]
[Date "2017.08.15"]
[Round "7"]
[White "Jurado Coderch, Heribert"]
[Black "Aso Miranda, Carlos"]
[Result "0-1"]
[WhiteElo "1191"]
[BlackElo "1672"]
[PlyCount "61"]
[EventDate "2017.08.10"]
[EventType "swiss"]
[EventRounds "9"]
[EventCountry "ESP"]
[SourceTitle "EXT 2019"]
[Source "ChessBase"]
[SourceDate "2018.10.10"]
[SourceVersion "1"]
[SourceVersionDate "2018.10.10"]
[SourceQuality "1"]

1. e4 c5 2. Nf3 Nc6 3. d4 cxd4 4. Nxd4 Nf6 5. Nc3 e5 6. Nb3 Bb4 7. Bd2 Bxc3 8. Bxc3 Nxe4 9. Qg4 Ng5 10. Bb5 d5 11. Qa4 Bd7 12. 0-0-0 a6 13. Bxc6 Bxc6 14. Qb4 f6 15. Rhe1 Kf7 16. Na5 Qc7 17. Nxc6 bxc6 18. Bd2 Ne4 19. Be3 Rab8 20. Qa4 Nd6 21. f3 Nc4 22. b3 Nxe3 23. Rxe3 Rb6 24. Red3 Rhb8 25. Kb1 Qb7 26. Ka1 Rb4 27. Qa3 a5 28. c3 Rb6 29. c4 d4 30. Qxa5 Ra6 31. Qd2 0-1